The end of racism : principles for a multiracial society
Αποθηκεύτηκε σε:
| Κύριος συγγραφέας: | |
|---|---|
| Μορφή: | Βιβλίο |
| Γλώσσα: | English |
| Δημοσίευση: |
New York :
Free Press,
c1995
|
| Θέματα: | |
| Ετικέτες: |
Προσθήκη ετικέτας
Δεν υπάρχουν, Καταχωρήστε ετικέτα πρώτοι!
|
MARC
| LEADER | 00000cam a2200000 i 4500 | ||
|---|---|---|---|
| 001 | 1/22304 | ||
| 008 | 120806s1995 eng d | ||
| 020 | |a 0-684-82524-4 | ||
| 035 | |l 10113033 | ||
| 040 | |a GR-MY-UA |b gre |e aacr | ||
| 041 | 0 | |a eng | |
| 082 | 0 | |a 305.800973 |2 (22) | |
| 100 | 1 | |a D'Souza, Dinesh. | |
| 245 | 1 | 4 | |a The end of racism : |b principles for a multiracial society / |c Dinesh D'Souza |
| 260 | |a New York : |b Free Press, |c c1995 | ||
| 300 | |a xxxi, 724 σ.; |c 25 εκ. | ||
| 504 | |a Περιλαμβάνει βιβλιγοραφικές παραπομπές και ευρετήριο | ||
| 650 | 0 | 0 | |a Racism |z United States. |
| 650 | 0 | 0 | |a Pluralism (Social sciences) |z United States. |
| 651 | 0 | |a United States |x Race relations. | |
| 852 | |a INST |b LESVOS |e 20120806 |h 305.800973 DSO |p 005100052122 |q 005100052122 |t BK |y 0 | ||
| 901 | |a BIBL1-2012-2 | ||
| 909 | |a Λ |b 176150 | ||
| 970 | |a ΤΖΑΦΕΡΗ |b ΕΥΑΓΓΕΛΙΑ |z 2012/08/06 | ||